000 00459nam a2200181Ia 4500
008 170705s9999 xx 000 0 und d
020 _a978043954615x
245 4 _aThe human body /
245 _ccreated by Gallimard Jeunesse and Sylvaine Peyrols.
260 _aNew York :
260 _bScholastic,
260 _c2003
300 _aunpaged :
300 _bchiefly colored ;
300 _c20cm.
440 _aA first discovery book.
500 _a510
999 _c337316
_d337316